| 000 | 00896cam a2200229 4500 | ||
|---|---|---|---|
| 001 | sa 68012390 | ||
| 003 | DLC | ||
| 005 | 20260227112610.0 | ||
| 008 | 691010s1967 ii k 000 0 eng | ||
| 010 | _asa 68012390 | ||
| 025 | _aPL480:P-E-1225 | ||
| 040 |
_aDLC _cDLC _dDLC |
||
| 050 | 0 | 0 |
_aKPL2300.A311959 _bA4 1967 |
| 082 | 0 | 0 | _a340 |
| 110 | 1 |
_aWest Pakistan. _kLaws, statutes, etc. |
|
| 245 | 1 | 0 |
_aLaw of basic democracies _b(Basic democracies order, 1959 and rules framed thereunder). _cCorrected up to 31st March, 1967. |
| 260 |
_aLahore, _bPrinted by the Superintendent, Govt. Print., West Pakistan, _c1967. |
||
| 300 |
_aviii, 378 p. _bforms. _c27 cm. |
||
| 350 | _a8.75 | ||
| 500 | _aAt head of title: Govt. of West Pakistan. Basic Democracies, Social Welfare and Local Government Dept. | ||
| 710 | 1 |
_aWest Pakistan. _bBasic Democracies, Social Welfare and Local Government Department. |
|
| 999 |
_c84506 _d84506 |
||